| 000 | 00462nab a2200145Ia 4500 | ||
|---|---|---|---|
| 003 | ES-SlBCS | ||
| 005 | 20210601133208.0 | ||
| 008 | 140529s1978 xxu||||| |||| 00| 0 ita d | ||
| 041 | _aita | ||
| 100 | 1 |
_aPenco, Gregorio _923110 |
|
| 245 | 0 | 0 |
_aLa storiografia ecclesiastica nel periodo fra le due guerre _c Gregorio Penco |
| 650 | 0 | 4 |
_aHistoriografía Eclesiástica _9192013 |
| 773 | 0 |
_tScuola Cattolica, la _gvol. 106, 1978, págs. 461-477 _wRev420 |
|
| 942 | _cAR | ||
| 999 |
_c592315 _d592315 |
||